000 00674nam a2200241Ia 4500
003 OSt
005 20221007062647.0
006 a|||||r|||| 00| 0
007 ta
008 221006b |||||||| |||| 00| 0 eng d
024 _a16,403
037 _cTextual
040 _aFLL
_cFLL
_beng
041 _2eng
_aeng
082 _aX9:8:Z8y7, K6
100 _aCraig Harold Farlow Au.
_9683161
245 0 _aAustralian case studies in business administration
250 _a2nd
260 _aAustralia
_bLaw Book comp. Australia
_c1966
300 _axx,252p
_ccm.
942 _hX9:8:Z8y7, K6
_cTEXL
_2CC
999 _c1129243
_d1129243